| 000 | 00520nam a22001697a 4500 | ||
|---|---|---|---|
| 999 |
_c9079 _d9079 |
||
| 008 | 210322b ||||| |||| 00| 0 eng d | ||
| 040 | _aBMS College of Architecture | ||
| 100 | _aAkhtari, Haleh | ||
| 245 | _aBeach resort at lake maharloo - fars in iran | ||
| 300 | _a35p. | ||
| 500 | _a1BM04AT041 | ||
| 502 |
_8B.Arch _NBMS College of Architecture, Visvesvaraya Technological University _aProject report _d2012 |
||
| 650 | _aNA | ||
| 700 |
_aShobha M N _eGuide |
||
| 700 |
_aK R Madhu Chand _eGuide |
||
| 942 |
_2ddc _cTHE |
||